000 00749 a2200205 4500
010 _aENG-90110
020 _a0230634060
_c275.00
035 _aEN-73643
037 _bDBAD / PUB
082 1 4 _a325.30954
090 _c12430
_d12430
100 1 _aPradhan, Ram Chandra
245 1 _aRaj to swaraj:
_cby Ram Chandra Pradhan
_ba textbook on colonialism and nationalism in India/
260 _aNew Delhi
_bMacmillan India
_c2008
270 _a2/10, Ansari Road, Daryaganj,
_bNew Delhi
_e110002
_cDelhi
300 _axii, 463p.
_c24 cm (pbk)
500 _aIncludes bibliographical references & index.
942 _adpl
_cEN
_k 325.30954 / PRA
999 _c12074
_d12074